Návrhy na overenie a uplatnenie základných prvkov organizovania trhu vybraných agrárnych komodít v zhode s princípmi spoločného organizovania trhu v EÚ

Gespeichert in:
Bibliographische Detailangaben
1. Verfasser: Solíková, Helena
Format: Buch
Sprache:Slowakisch
Veröffentlicht: Bratislava Výskumný ústav ekonomiky poľnohospodárstva a potravinárstva 2002
Schriftenreihe:Štúdia č. 64/2002
Schlagworte:
Tags: Tag hinzufügen
Keine Tags, Fügen Sie das erste Tag hinzu!

MARC

LEADER 00000nam a2200000 4500
001 c134357
005 20221124094700.9
020 |a 80-8058-241-6 
041 0 |a slo 
044 |a SK 
245 1 0 |a Návrhy na overenie a uplatnenie základných prvkov organizovania trhu vybraných agrárnych komodít v zhode s princípmi spoločného organizovania trhu v EÚ  |c Helena Solíková 
264 1 |a Bratislava  |b Výskumný ústav ekonomiky poľnohospodárstva a potravinárstva  |c 2002 
300 |a 38 s. 
490 1 |a Štúdia  |v č. 64/2002 
830 0 |a Štúdia  |v č. 64/2002 
610 2 0 |a poľnohospodárstvo 
610 2 0 |a politika poľnohospodárska 
610 2 0 |a trh 
610 2 0 |a integrácia ekonomická medzinárodná 
610 2 0 |a platby obchodné 
610 2 0 |a dovoz 
610 2 0 |a vývoz 
610 2 0 |a obilniny 
610 2 0 |a oleje rastlinné 
610 2 0 |a administratíva 
610 2 0 |a kontrola 
610 2 0 |a mäso 
610 2 0 |a štúdie 
610 2 0 |a Slovensko 
610 2 0 |a Európska únia 
100 1 |a Solíková, Helena